000
00340nam a22001577a 4500
003
SGT
020
_a
978-93-539-4040-9
082
_a
576.5
_b
KLU
100
_a
KLUG, WILLIAM S.
245
_a
CONCEPTS OF GENETICS
250
_a
11TH
260
_a
INDIA
_b
PEARSON PUB.
_c
2020
300
_a
866
650
_a
GENETICS
942
_2
ddc
_c
BK
999
_c
31196
_d
31196